Spanish Adjectives Vocabulary Words - Statistics

General Stats
  • This quiz has been taken 18,921 times
  • The average score is 54 of 96
Answer Stats
English Español % Correct
good bueno
88%
tall alto
87%
cold frío
83%
big grande
82%
difficult difícil
81%
happy feliz
81%
small pequeño
81%
hot caliente
79%
favorite favorito
79%
fat gordo
78%
ugly feo
77%
bad malo
77%
new nuevo
77%
important importante
76%
pretty lindo
76%
perfect perfecto
76%
fantastic fantástico
75%
elegant elegante
74%
famous famoso
73%
young jóven
73%
tired cansado
71%
correct correcto
71%
sweet dulce
71%
special especial
71%
crazy loco
71%
old viejo
70%
expensive caro
69%
classic clásico
69%
intelligent inteligente
69%
better mejor
69%
boring aburrido
67%
athletic atlético
67%
strong fuerte
67%
clean limpio
67%
false falso
66%
handsome guapo
66%
rapid rápido
66%
cheap barato
64%
closed cerrado
63%
generous generoso
63%
interesting interesante
63%
popular popular
62%
comical cómico
61%
sick enfermo
61%
ready listo
61%
busy ocupado
61%
open abierto
60%
same mismo
59%
dead muerto
59%
thin delgado
58%
sad triste
58%
authentic auténtico
57%
clear claro
57%
historical histórico
57%
human humano
56%
comfortable cómodo
54%
genetic genético
53%
necessary necesario
52%
extreme extremo
51%
together juntos
51%
dangerous peligroso
51%
fried frito
50%
honest honesto
50%
incorrect incorrecto
49%
poor pobre
48%
pure puro
47%
energetic energético
46%
illegal ilegal
45%
worried preocupado
45%
private privado
45%
prepared preparado
44%
written escrito
43%
ridiculous ridículo
42%
careful cuidadoso
41%
made hecho
41%
paid pagado
40%
permanent permanente
39%
spicy picante
39%
dry seco
39%
alive vivo
38%
impatient impaciente
37%
pregnant embarazada
36%
preferred preferido
36%
safe seguro
36%
uncomfortable incómodo
35%
feminine femenino
34%
foreign extranjero
33%
younger menor
32%
broken roto
32%
bilingual bilingüe
29%
confused confundido
26%
humid húmedo
19%
burnt quemada
19%
frozen congelado
17%
unfaithful infiel
17%
ripe maduro
17%
No matching quizzes found
Score Distribution
Percent of People with Each Score
Percentile by Number Answered
Your Score History
You have not taken this quiz